000 00936nas a2200289 4500
001 BR2013007777
003 BR-BrBNA
005 20231205123008.0
007 ta
008 230509b bl.|||p| |||| 00| 00por d
040 _aBR-BrBNA
_bpor
_cBiblioteca Nacional de Agricultura
041 _a(Pt)
072 _aE80; E14; E40
100 1 _aCribb, A.Y.
100 1 _aCribb, S.L. de S.P.
100 1 _aFreire Júnior, M.
100 1 _aSilva, F.T.
245 1 _aAdoção tecnológica e gestão cooperativista: Um estudo de caso na agricultura familiar
650 _aAGRICULTURA FAMILIAR
650 _aSISTEMA DE PRODUÇÃO
650 _aDESENVOLVIMENTO RURAL
650 _aTRANSFERÊNCIA DE TECNOLOGIA
650 _aCOOPERATIVA
773 0 _tCadernos de Ciência e Tecnologia (Brazil)
_xISSN 0104-1096
_g(Jan-Apr 2011), V. 28(1) p. 133-157
_wBR2013007777
909 _a202311
_bLúcia
_c55
_dLúcia Elande
942 _2AGRIS
_n0
_cANA
999 _c231669
_d231669